Loading...
| Science - Chemistry | 0 | 8 | 0 | 0 | 80 | 13 | 31.63 | 7 | 7 |
| Science - Physics | 0 | 6 | 0 | 1 | 60 | 31 | 53.00 | 2 | 4 |
| Science - Biology | 0 | 5 | 0 | 0 | 50 | 8 | 36.40 | 3 | 4 |
| Science - Other Science | 0 | 4 | 0 | 1 | 40 | 39 | 67.00 | 1 | 2 |
| Mythology | 0 | 3 | 0 | 1 | 30 | 55 | 78.67 | 0 | 0 |
| Philosophy | 0 | 2 | 0 | 0 | 20 | 93 | 93.00 | 1 | 1 |
| History - Other History | 0 | 2 | 0 | 0 | 20 | 68 | 73.50 | 1 | 2 |
| Literature - British Literature | 0 | 2 | 0 | 0 | 20 | 58 | 83.00 | 0 | 1 |
| Social Science | 0 | 1 | 0 | 0 | 10 | 58 | 58.00 | 0 | 1 |
| Fine Arts - Other Fine Arts | 0 | 1 | 0 | 1 | 10 | 124 | 124.00 | 0 | 0 |
| History - American History | 0 | 1 | 0 | 0 | 10 | 68 | 68.00 | 0 | 0 |
| Literature - World Literature | 0 | 1 | 0 | 0 | 10 | 49 | 49.00 | 0 | 1 |
| Pop Culture | 0 | 1 | 0 | 0 | 10 | 59 | 59.00 | 0 | 1 |
| Religion | 0 | 1 | 0 | 0 | 10 | 80 | 80.00 | 0 | 1 |
| Current Events | 0 | 1 | 0 | 0 | 10 | 42 | 42.00 | 0 | 1 |